Масс-спектрометрические, калориметрические и квантово-химические методы в исследованиях строения, свойств и термической стабильности арендиазоний трифлатов, тозилатов и тетрафторборатов: диссертация на соискание учёной степени кандидата химических наук; спец. 02.00.03

Detalhes bibliográficos
Autor principal: Бондарев А. А. Александр Александрович
Autor Corporativo: Алтайский государственный университет
Outros Autores: Филимонов В. Д. Виктор Дмитриевич (научный руководитель)
Resumo:Заглавие с титульного экрана
Электронная версия печатной публикации
Защита сост. 06.04.2021 г.
Idioma:russo
Publicado em: Барнаул, 2021
Assuntos:
Acesso em linha:http://earchive.tpu.ru/handle/11683/64326
Formato: Recurso Electrónico Livro
KOHA link:https://koha.lib.tpu.ru/cgi-bin/koha/opac-detail.pl?biblionumber=345560

MARC

LEADER 00000nlm0a2200000 4500
001 345560
005 20231220131922.0
035 |a (RuTPU)RU\TPU\book\377410 
035 |a RU\TPU\book\377409 
090 |a 345560 
100 |a 20210128d2021 k y0rusy50 ca 
101 0 |a rus 
102 |a RU 
105 |a a m 000zy 
135 |a drgn ---uucaa 
181 0 |a i  
182 0 |a b 
200 1 |a Масс-спектрометрические, калориметрические и квантово-химические методы в исследованиях строения, свойств и термической стабильности арендиазоний трифлатов, тозилатов и тетрафторборатов  |e диссертация на соискание учёной степени кандидата химических наук  |e спец. 02.00.03  |f А. А. Бондарев  |g Алтайский государственный университет ; науч. рук. В. Д. Филимонов 
203 |a Текст  |c электронный 
210 |a Барнаул  |d 2021 
215 |a 1 файл (17 009 КБ) 
300 |a Заглавие с титульного экрана 
300 |a Электронная версия печатной публикации 
300 |a Защита сост. 06.04.2021 г. 
338 |b Российский фонд фундаментальных исследований  |d 17-03-01097 
606 1 |a Диазониевые соли  |x Химия  |2 stltpush  |3 (RuTPU)RU\TPU\subj\76846  |9 87645 
610 1 |a электронный ресурс 
610 1 |a диссертации 
610 1 |a масс-спектрометрические методы 
610 1 |a калориметрические методы 
610 1 |a квантово-химические методы 
610 1 |a термическая стабильность 
610 1 |a трифлаты 
610 1 |a тозилаты 
610 1 |a тетрафторбораты 
610 1 |a диазониевые соли 
610 1 |a строение 
610 1 |a свойства 
610 1 |a квантово-химические исследования 
610 1 |a диазоний 
610 1 |a электронное строение 
610 1 |a масс-спектрометрические исследования 
610 1 |a полимеризация 
610 1 |a газовые фазы 
610 1 |a ароматические соли 
610 1 |a реакционная способность 
610 1 |a водные среды 
610 1 |a потенциальная энергия 
610 1 |a катионы 
610 1 |a интермедиаты 
675 |a 547.55(04)  |v 4 
686 |a 02.00.03  |2 oksvnk 
700 1 |a Бондарев  |b А. А.  |g Александр Александрович 
702 1 |a Филимонов  |b В. Д.  |c химик  |c профессор Томского политехнического университета, доктор химических наук  |f 1945-  |g Виктор Дмитриевич  |3 (RuTPU)RU\TPU\pers\12908  |4 727  |9 3693 
712 0 2 |a Алтайский государственный университет  |c (Барнаул)  |3 (RuTPU)RU\TPU\col\21  |9 23133 
801 2 |a RU  |b 63413507  |c 20210204  |g RCR 
856 4 |u http://earchive.tpu.ru/handle/11683/64326 
942 |c CF